Elenca la formazione - Quiz n°220 - Statistics

Statistiche generali
  • Questo quiz è stato fatto 71 volte
  • Il punteggio medio è 9 su 11
Statistiche sulle risposte
Ruolo Nazione Calciatore % Corretto
Portiere Italia Gianluigi Donnarumma
100%
Attaccante Brasile Neymar
100%
Centrocampista Marocco Achraf Hakimi
98%
Centrocampista Italia Marco Verratti
98%
Attaccante Argentina Lionel Messi
93%
Difensore Brasile Marquinhos
92%
Centrocampista Portogallo Vitinha
82%
Difensore Francia Presnel Kimpembe
72%
Difensore Spagna Sergio Ramos
61%
Centrocampista Portogallo Nuno Mendes
39%
Centrocampista Spagna Pablo Sarabia
23%
Nessun quiz corrispondente trovato
Distribuzione punteggi
Percentuale di utenti per punteggio
Percentile per numero di risposta
I tuoi punteggi nel tempo
Non hai fatto questo quiz